| 000 | 00470nam a2200193Ia 4500 | ||
|---|---|---|---|
| 003 | 0100 | ||
| 008 | 130227s9999 xx 000 0 und d | ||
| 040 | _cARRUPELIB | ||
| 050 | _aB689.Z7S34 2005 | ||
| 100 | _aSchenck, Kenneth | ||
| 245 | 2 | _aA brief guide to philo | |
| 260 | _aLouisville, Kentucky | ||
| 260 | _bWestminster John Knox Press | ||
| 260 | _C2005 | ||
| 300 | _axi | ||
| 300 | _b 169p. 24cm. | ||
| 650 | _bSex - Biblical teaching | ||
| 942 |
_2lcc _01 |
||
| 999 |
_c5047 _d5047 |
||